Online Catalogue and eLibrary

Doona kathirina devi (Record no. 4789)

MARC details
000 -LEADER
fixed length control field 00447nam a2200157Ia 4500
005 - DATE AND TIME OF LATEST TRANSACTION
control field 20250310031225.0
008 - FIXED-LENGTH DATA ELEMENTS--GENERAL INFORMATION
fixed length control field 240331s9999 xx 000 0 und d
020 ## - INTERNATIONAL STANDARD BOOK NUMBER
ISBN 9559556304
082 ## - DDC Classification
Class No. 891
Item Number - Author Mark DOO
100 ## - MAIN ENTRY--PERSONAL NAME
Personal name Amarasinge, A.T
245 #0 - TITLE STATEMENT
Title Doona kathirina devi
260 ## - PUBLICATION, DISTRIBUTION, ETC.
Place of publication, distribution, etc. Nugegoda
Name of publisher, distributor, etc. Dipaani Pvt Limited
Date of publication, distribution, etc. 1993
300 ## - PHYSICAL DESCRIPTION
Extent (e.g. Volumes, Pages etc.) 231 p .,
500 ## - GENERAL NOTE
General note Ancient Historical story of Doona Katharina queen getting married to Portuguesa
942 ## - Koha item type (Biblio)
Koha item type Books in Stacks (Lending)
Holdings
Lost status Damaged status Collection code Home library Current library Shelving location Date acquired Accession Number Item type
    Lending WERC Library WERC Library Social Science Cupboard 03/31/2024 3456 Books in Stacks (Lending)

© WERC Library